Color Phrases - Statistics

General Stats
  • This quiz has been taken 303 times
  • The average score is 20 of 45
Answer Stats
Clue Color Filled Answer % Correct
The biggest shopping day of the year Black Friday
84%
A fancy affair requiring tuxedos Black Tie
77%
Expression meaning that you are brusied all over Black and Blue
76%
Disease that killed millions in the 14th century Black Plague
76%
According to Michael Jackson, it don't matter if you're _____ __ _____ Black or White
75%
Do not cross if you want to avoid bad luck Black Cat
74%
Noise that you can't hear that is in the background White Noise
69%
This type of virus is caused by mosquitos Yellow Fever
68%
What you see before you die, supposedly White Light
67%
If someone is good with plants, it is said they have a.. Green Thumb
65%
Band that features Fergie Black Eyed Peas
63%
A contagious disease contained to the ocular region Pink Eye
63%
Item needed to get into Willy Wonka's factory Golden Ticket
62%
Group of girls led by Rizzo in Grease Pink Ladies
61%
Medal given to someone who is wounded in the military Purple Heart
60%
We all live in a _______ _________ Yellow Submarine
58%
A late night flight Red Eye
53%
Whoopi Goldburg and Oprah Winfrey movie The Color Purple
51%
Famous building that burned during Madison's term White House
51%
Expression meaning you are pleased beyond belief Tickled Pink
50%
This band has a musical called American Idiot Green Day
47%
Burger chain featuring tiny burgers White Castle
47%
If you are inspecting something, what does someone use to check for dust? White Glove
47%
Author of Da Vinci Code Dan Brown
46%
Snoopy's Alter Ego Red Baron
43%
Childhood game where you break through opposing team's arms Red Rover
43%
Beatles album which contains Martha My Dear White Album
43%
A drop in electrical supply to prevent a blackout Brownout
38%
When someone is really pale, they are.. White as a Ghost
35%
Old TV show featuring a woman who wants to go back to city life Green Acres
30%
Warning sign that something is wrong Red Flag
30%
Famous song that Kermit sings about his color It's not Easy being Green
27%
Villain of the third Austin Powers movie Goldmember
26%
Time when communism was suspected Red Scare
26%
Movie featuring a crime fighting Seth Rogen Green Hornet
24%
Another way to say that someone is angry Seeing Red
24%
Charlie Brown's younger sister (full name) Sally Brown
20%
A phrase used to describe movies back in the olden days Silver Screen
20%
Famous restaurant where Hollywood stars hang out Brown Derby
16%
Harry Potter character to become Ron's first girlfriend Lavender Brown
16%
Surpreme court case that ruled seperate but equal Brown vs Board of Education
15%
Beverage similiar to Mountain Dew and name of a pop song Mello Yello
14%
This is a carbonated beverage made from Orange, mandarin and lemon juice Orangina
11%
Drink that gets its color from dye, not from ingredients Pink Lemonade
7%
Theme song of EPCOT's American Adventure Golden Dream
2%
No matching quizzes found
Score Distribution
Percent of People with Each Score
Percentile by Number Answered
Your Score History
You have not taken this quiz